Preventing water pollution (sound recording). (Record no. 85249)

MARC details
000 -LEADER
fixed length control field 00959cgm a2200325 4500
001 - CONTROL NUMBER
control field J1557
008 - FIXED-LENGTH DATA ELEMENTS--GENERAL INFORMATION
fixed length control field 090401t1993 xxu||||| |||| 00| 0 eng d
035 ## - SYSTEM CONTROL NUMBER
System control number (Sirsi) u44207
041 ## - LANGUAGE CODE
Language code of text/sound track or separate title eng
050 ## - LIBRARY OF CONGRESS CALL NUMBER
Classification number 614.772
100 ## - MAIN ENTRY--PERSONAL NAME
Personal name Nicholls, George
245 ## - TITLE STATEMENT
Title Preventing water pollution (sound recording).
260 ## - PUBLICATION, DISTRIBUTION, ETC.
Place of publication, distribution, etc. London
Name of publisher, distributor, etc. Royal Institution of Chartered Surveyors
Date of publication, distribution, etc. 1993
300 ## - PHYSICAL DESCRIPTION
Extent 1 sound cassette (60 min.)
350 ## - PRICE (NR) (BK AM CF MU VM SE) [OBSOLETE]
Price 0
490 ## - SERIES STATEMENT
Series statement Owlion Audio Programme
520 ## - SUMMARY, ETC.
Summary, etc. Produced in cooperation with the National Rivers Authority.
650 ## - SUBJECT ADDED ENTRY--TOPICAL TERM
Topical term or geographic name entry element AUDIO CASSETTES
650 ## - SUBJECT ADDED ENTRY--TOPICAL TERM
Topical term or geographic name entry element WATER POLLUTION
690 ## - LOCAL SUBJECT ADDED ENTRY--TOPICAL TERM (OCLC, RLIN)
Topical term or geographic name as entry element WATER
700 ## - ADDED ENTRY--PERSONAL NAME
Personal name Bateman, Geoff
700 ## - ADDED ENTRY--PERSONAL NAME
Personal name Strouts, Edward
700 ## - ADDED ENTRY--PERSONAL NAME
Personal name Pott, Simon
700 ## - ADDED ENTRY--PERSONAL NAME
Personal name Wilbourn, Philip
710 ## - ADDED ENTRY--CORPORATE NAME
Corporate name or jurisdiction name as entry element Royal Institution of Chartered Surveyors
9 (RLIN) 4900
710 ## - ADDED ENTRY--CORPORATE NAME
Corporate name or jurisdiction name as entry element College of Estate Management
9 (RLIN) 400
710 ## - ADDED ENTRY--CORPORATE NAME
Corporate name or jurisdiction name as entry element National Rivers Authority
9 (RLIN) 2833
942 ## - ADDED ENTRY ELEMENTS (KOHA)
Suppress in OPAC 0
948 ## - LOCAL PROCESSING INFORMATION (OCLC); SERIES PART DESIGNATOR (RLIN)
c (OCLC) 04/03/1997
Holdings
Withdrawn status Lost status Source of classification or shelving scheme Damaged status Not for loan Home library Current library Shelving location Date acquired Total Checkouts Full call number Barcode Date last seen Date last checked out Copy number Price effective from Koha item type
    Dewey Decimal Classification     London London Basement 28/05/1993 1 SHELF 330 30038809 06/08/2019 02/10/2002 1 06/08/2019 Audio